Estudio de balance hídrico subterráneo del subsistema acuífero Ochomogo Rivas, en el pacifico de Nicaragua.

Presenta el estudio de balance hídrico subterraneo del subsistema acuífero Ochomogo Rivas, en el pacifico de Nicaragua, realizo un estudio del sistema acuífero para determinar la cantidad de entrada y salida de agua, así como el inventario de los pozos levantados en el campo del sistema acuífer...

Full description

Bibliographic Details
Main Authors: Corea Cruz, Erick Javier, Nicaragua Reyes, Solanch Betzaida
Other Authors: Tutor: Castillo Hernández, Enoc Seth
Format: Tesis Section = Libro
Language:Undetermined
Spanish
Published: Managua UNI 2014
Subjects:
LEADER 01122nam a2200265Ia 4500
008 240830s9999 xx 000 0 und d
040 |a BIBLIOTECA-RUPAP Mon 551.48 C797 
041 |a spa 
082 |a Mon 551.48 C797 
100 1 |a Corea Cruz, Erick Javier 
100 1 |b  Nicaragua Reyes, Solanch Betzaida 
245 1 0 |a Estudio de balance hídrico subterráneo del subsistema acuífero Ochomogo Rivas, en el pacifico de Nicaragua. 
260 |a Managua  |b UNI  |c 2014 
300 |a 143 p. :il. 
500 |a Contiene: anexos. 
502 |a Tesis (Ingeniero Civil)- UNI, 2014. 
520 3 |a Presenta el estudio de balance hídrico subterraneo del subsistema acuífero Ochomogo Rivas, en el pacifico de Nicaragua, realizo un estudio del sistema acuífero para determinar la cantidad de entrada y salida de agua, así como el inventario de los pozos levantados en el campo del sistema acuífero. 
650 7 |a HIDROLOGIA 
650 7 |b EDAFOLOGIA 
650 7 |c HIDROGEOLOGIA 
650 7 |d BALANCE HIDROGEOLOGICO 
700 1 |a Tutor:  |b Castillo Hernández, Enoc Seth 
942 |c BK  |2 ddc 
991 |a TESIS 
999 |c 15642